[Event "Agzamov Memorial 02nd"]
[Site "Tashkent"]
[Date "2008.03.19"]
[Round "1"]
[White "Daniyarov, Akhtam"]
[Black "Kim, Alexey"]
[Result "0-1"]
[WhiteElo "2149"]
[BlackElo "2442"]
[PlyCount "74"]
[EventDate "2008.03.18"]
[EventType "swiss"]
[EventRounds "9"]
[EventCountry "UZB"]
[SourceTitle "CBM 123 Extra"]
[Source "ChessBase"]
[SourceDate "2008.05.06"]
[SourceVersion "1"]
[SourceVersionDate "2008.05.06"]
[SourceQuality "1"]

1. e4 c5 2. Nc3 e6 3. g3 Nc6 4. Bg2 Nf6 5. d3 Be7 6. f4 d5 7. Bd2 a6 8. h3 b5 9. g4 b4 10. Nce2 dxe4 11. dxe4 Bb7 12. Ng3 Qc7 13. N1e2 Rd8 14. 0-0 c4 15. Qe1 Bc5+ 16. Kh1 h5 17. g5 Ng4 18. f5 h4 19. fxe6 fxe6 20. Nf4 hxg3 21. Nxe6 Qe5 22. Nxc5 Qxc5 23. Qxg3 Rxd2 24. Qxg4 Ne5 25. Qg3 Bc8 26. Rae1 Rxg2 27. Kxg2 Bxh3+ 28. Qxh3 Rxh3 29. Kxh3 Qc8+ 30. Kh2 Qd8 31. Re2 Qxg5 32. Rg2 Ng4+ 33. Kg1 Qe3+ 34. Kh1 Qh3+ 35. Kg1 Ne3 36. Rff2 Nxg2 37. Rxg2 Qe3+ 0-1